25 racconti del terrore vietati alla TV /

Gespeichert in:
Bibliographische Detailangaben
Weitere Verfasser: Hitchcock, Alfred (Herausgegeben von)
Format: Buch
Sprache:Italienisch
Veröffentlicht: Milano : Garzanti, 1970
Schriftenreihe:I Garzanti ; 240
Tags: Tag hinzufügen
Keine Tags, Fügen Sie das erste Tag hinzu!

MARC

LEADER 00000nam a22000007i 4500
001 IT\ICCU\UBO\2065707
003 ItRI
005 20260115232216.0
008 030326s1970 it |||||| ||||| |||||c
040 |b ita  |c importazione bologna sebina 
041 7 |a ita  |2 ISO-639-2 
082 |a 823  |9 NARRATIVA INGLESE  |2 12 
130 0 |a Alfred Hitchcock presents: Stories they wouldn't let me do on TV.  |3 IT\ICCU\SBL\0353543 
245 0 0 |a 25 racconti del terrore vietati alla TV /  |c [Alfred Hitchcock ]. 
246 1 3 |a Venticinque racconti del terrore vietati alla TV  |9 IT\ICCU\UBO\1953399 
260 |a Milano :  |b Garzanti,  |c 1970 
300 |a 440 p. ;  |c 18 cm 
500 |a Tit. sul dorso: 25 racconti del terrore 
500 |a In testa al front.: Alfred Hitchcock presenta. 
500 |a in copertina I LIBRI GIALLI  |9 IT\ICCU\CFI\0000917 
700 1 |a Hitchcock, Alfred  |0 IT\ICCU\CFIV\007729  |4 edt 
790 1 |a Hitchcock, Alfred Joseph  |3 IT\ICCU\SBNV\034806  |z Hitchcock, Alfred 
830 2 |a I Garzanti ;  |v 240  |0 IT\ICCU\CFI\0000917 
942 |2 ddc  |c BK  |n 0 
952 |0 0  |1 0  |4 0  |6 DOC_823_000000000000000_HIT  |7 0  |9 22004  |a BO  |b BO  |d 2026-01-15  |i 600  |l 0  |o DOC 823 HIT  |p BO600  |r 2026-01-15 23:22:16  |w 2026-01-15  |x [Sebina 5] [1 v.]  |y BK  |z 1 v. 
999 |c 18811  |d 18811